[Event "HUN-chT2 Barcza 1213"]
[Site "Hungary"]
[Date "2012.12.02"]
[Round "5.9"]
[White "Tamasi, Istvan"]
[Black "Daroczy, Sandor"]
[Result "1/2-1/2"]
[WhiteElo "1753"]
[BlackElo "1932"]
[PlyCount "29"]
[EventDate "2012.09.16"]
[EventType "team-tourn"]
[EventRounds "11"]
[EventCountry "HUN"]
[SourceTitle "EXT 2014"]
[Source "ChessBase"]
[SourceDate "2013.11.20"]
[SourceVersion "1"]
[SourceVersionDate "2013.11.20"]
[SourceQuality "1"]
[WhiteTeam "Sajoszentpeter"]
[BlackTeam "Debrecen Sakkiskola"]
[WhiteTeamCountry "HUN"]
[BlackTeamCountry "HUN"]

1. d4 Nf6 2. c4 e6 3. Nc3 d5 4. a3 Be7 5. Bf4 0-0 6. e3 c6 7. c5 b6 8. b4 a5 9. Nf3 Ba6 10. Bxa6 Nxa6 11. Rb1 axb4 12. axb4 bxc5 13. bxc5 Qa5 14. Qd2 Nh5 15. 0-0 1/2-1/2

[Event "HUN-chT2 Barcza 1112 "]
[Site "Hungary"]
[Date "2012.03.25"]
[Round "8"]
[White "Tamasi, Istvan"]
[Black "Jakab, Gergely Sandor"]
[Result "0-1"]
[WhiteElo "1707"]
[BlackElo "1721"]
[PlyCount "108"]
[EventDate "2011.09.25"]
[EventType "team-tourn"]
[EventRounds "11"]
[EventCountry "HUN"]
[SourceTitle "EXT 2013"]
[Source "ChessBase"]
[SourceDate "2012.11.22"]
[SourceVersion "1"]
[SourceVersionDate "2012.11.22"]
[SourceQuality "1"]
[WhiteTeam "Sajoszentpeter"]
[BlackTeam "Edeleny"]
[WhiteTeamCountry "HUN"]
[BlackTeamCountry "HUN"]

1. d4 d5 2. c4 c6 3. Nc3 Nf6 4. c5 g6 5. Bf4 Bg7 6. Nf3 0-0 7. e3 Nbd7 8. Bd3 Nh5 9. Bg3 Nxg3 10. fxg3 e5 11. dxe5 Nxc5 12. 0-0 Nxd3 13. Qxd3 Qb6 14. Rf2 Bg4 15. Qd4 Bxf3 16. gxf3 Qc7 17. f4 f6 18. exf6 Bxf6 19. Qd3 Rae8 20. Rc1 Qb6 21. Re2 Re7 22. Nd1 Rfe8 23. g4 Re4 24. Kg2 g5 25. Rcc2 d4 26. exd4 Qxd4 27. Qxd4 Bxd4 28. Rxe4 Rxe4 29. h3 Rxf4 30. b3 Kf7 31. Re2 c5 32. Ne3 Re4 33. Kf3 Rxe3+ 34. Rxe3 Bxe3 35. Kxe3 b5 36. Ke4 Ke6 37. a3 h6 38. b4 c4 39. Kd4 a6 40. a4 Kf6 41. a5 Kg6 42. Ke4 h5 43. Kd4 hxg4 44. hxg4 Kf6 45. Ke4 c3 46. Kd3 Ke5 47. Kxc3 Ke4 48. Kd2 Kd4 49. Ke2 Kc4 50. Ke3 Kxb4 51. Ke4 Kxa5 52. Kf5 b4 53. Kxg5 b3 54. Kh6 b2 0-1

[Event "HUN-chT2 Barcza 1112 "]
[Site "Hungary"]
[Date "2012.01.29"]
[Round "5"]
[White "Toth, Tamas1111"]
[Black "Tamasi, Istvan"]
[Result "0-1"]
[WhiteElo "2053"]
[BlackElo "1707"]
[PlyCount "82"]
[EventDate "2011.09.25"]
[EventType "team-tourn"]
[EventRounds "11"]
[EventCountry "HUN"]
[SourceTitle "EXT 2013"]
[Source "ChessBase"]
[SourceDate "2012.11.22"]
[SourceVersion "1"]
[SourceVersionDate "2012.11.22"]
[SourceQuality "1"]
[WhiteTeam "Hajduboszormeny"]
[BlackTeam "Sajoszentpeter"]
[WhiteTeamCountry "HUN"]
[BlackTeamCountry "HUN"]

1. e4 c5 2. Nf3 d6 3. d4 cxd4 4. Nxd4 Nf6 5. Nc3 a6 6. f3 Bd7 7. Be3 e6 8. Qd2 Be7 9. 0-0-0 Nc6 10. g4 b5 11. Nxc6 Bxc6 12. Ne2 Rc8 13. h4 Nxe4 14. Qd3 Nc5 15. Bxc5 dxc5 16. Qc3 Qc7 17. Qxg7 Rf8 18. Bg2 Qa5 19. Kb1 b4 20. Qxh7 Bd5 21. Nc1 c4 22. g5 c3 23. Qd3 cxb2 24. Nb3 Qc7 25. Bf1 Bxf3 26. Rh3 Bxd1 27. Qxd1 Rd8 28. Qe2 Rd6 29. Kxb2 Kd7 30. Qe3 Rc8 31. Qf2 a5 32. Bb5+ Kd8 33. h5 Bxg5 34. h6 Ke7 35. Rf3 f5 36. h7 Bf6+ 37. Kc1 Rcd8 38. Be2 a4 39. h8R Rxh8 40. Nd2 Rh1+ 41. Bf1 Bg5 0-1

[Event "HUN-chT2 Barcza 1011"]
[Site "Hungary"]
[Date "2011.05.01"]
[Round "10.10"]
[White "Tamasi, Istvan"]
[Black "Toth, Laszlo"]
[Result "1/2-1/2"]
[WhiteElo "1740"]
[BlackElo "1986"]
[PlyCount "37"]
[EventDate "2010.09.12"]
[EventType "team-tourn"]
[EventRounds "11"]
[EventCountry "HUN"]
[SourceTitle "EXT 2012"]
[Source "ChessBase"]
[SourceDate "2011.11.24"]
[SourceVersion "1"]
[SourceVersionDate "2011.11.24"]
[SourceQuality "1"]
[WhiteTeam "Sajoszentpeter"]
[BlackTeam "Mezokovesd"]
[WhiteTeamCountry "HUN"]
[BlackTeamCountry "HUN"]

1. d4 d5 2. c4 e6 3. Nc3 Nf6 4. a3 Nbd7 5. Bf4 c5 6. Nb5 e5 7. dxe5 Nh5 8. e6 Nxf4 9. exd7+ Bxd7 10. e3 Bxb5 11. cxb5 Ne6 12. Nf3 d4 13. Bc4 dxe3 14. Qxd8+ Rxd8 15. fxe3 Rd7 16. Rc1 Rd8 17. Ra1 Rd7 18. Rc1 Rd8 19. Ra1 1/2-1/2

[Event "HUN-chT2 Barcza 0910"]
[Site "Hungary"]
[Date "2009.12.20"]
[Round "4.11"]
[White "Tamasi, Istvan"]
[Black "Ordog, Aron"]
[Result "0-1"]
[WhiteElo "1733"]
[BlackElo "1515"]
[PlyCount "120"]
[EventDate "2009.11.08"]
[EventType "team-tourn"]
[EventRounds "11"]
[EventCountry "HUN"]
[SourceTitle "EXT 2011"]
[Source "ChessBase"]
[SourceDate "2010.11.26"]
[SourceVersion "1"]
[SourceVersionDate "2010.11.26"]
[SourceQuality "1"]
[WhiteTeam "SSASSE"]
[BlackTeam "Mezokovesd"]
[WhiteTeamCountry "HUN"]
[BlackTeamCountry "HUN"]

1. e4 c5 2. Nf3 Nc6 3. d4 cxd4 4. Nxd4 g6 5. Be3 Nf6 6. Nc3 Bg7 7. Qd2 0-0 8. h3 d5 9. Nxc6 bxc6 10. Rd1 Be6 11. exd5 Nxd5 12. Nxd5 cxd5 13. c3 Qc7 14. Be2 Rfe8 15. 0-0 Bc8 16. Bf3 Bb7 17. Rc1 e5 18. Be2 f6 19. f4 Bh6 20. f5 g5 21. h4 Qg7 22. hxg5 Bxg5 23. Bxg5 Qxg5 24. Qxg5+ fxg5 25. f6 Rf8 26. Rf5 h6 27. Rcf1 e4 28. Bh5 Ba6 29. f7+ Kg7 30. Re1 Rad8 31. Re5 Bb5 32. b3 Kf6 33. Re8 Bxe8 34. fxe8Q Rfxe8 35. Bxe8 Rxe8 36. Kf2 Ke5 37. Ke3 Rf8 38. Rh1 Rf6 39. a4 Rc6 40. Kd2 d4 41. cxd4+ Kxd4 42. Rh3 g4 43. Rg3 h5 44. b4 Re6 45. b5 e3+ 46. Ke2 Kc4 47. Rxe3 Rxe3+ 48. Kxe3 Kb4 49. Kf4 Kxa4 50. Kg5 Kxb5 51. Kxh5 a5 52. Kxg4 a4 53. Kh5 a3 54. g4 a2 55. g5 a1Q 56. Kh6 Qh8+ 57. Kg6 Qg8+ 58. Kf6 Kc6 59. g6 Kd7 60. g7 Ke8 0-1

[Event "HUN-chT2 Barcza 0809"]
[Site "Hungary"]
[Date "2008.11.02"]
[Round "2.10"]
[White "Kantor, Attila"]
[Black "Tamasi, Istvan"]
[Result "1-0"]
[WhiteElo "1921"]
[BlackElo "1748"]
[PlyCount "81"]
[EventDate "2008.10.26"]
[EventType "team-tourn"]
[EventRounds "11"]
[EventCountry "HUN"]
[SourceTitle "EXT 2010"]
[Source "ChessBase"]
[SourceDate "2010.11.25"]
[SourceVersion "1"]
[SourceVersionDate "2010.11.25"]
[SourceQuality "1"]
[WhiteTeam "Mezokovesd"]
[BlackTeam "SSASSE"]
[WhiteTeamCountry "HUN"]
[BlackTeamCountry "HUN"]

1. Nf3 c5 2. c4 Nc6 3. Nc3 e6 4. e4 d6 5. d4 cxd4 6. Nxd4 Bd7 7. Be2 a6 8. 0-0 Nf6 9. b3 g6 10. Ba3 Qc7 11. Rc1 Rd8 12. Re1 Bg7 13. Bf3 0-0 14. g3 Rfe8 15. Bg2 Nxd4 16. Qxd4 Nd5 17. Nxd5 exd5 18. Qxd5 Bc6 19. Qd3 b6 20. Rc2 f5 21. Rce2 Qb7 22. Bb4 Re6 23. f3 fxe4 24. fxe4 a5 25. Bc3 Rde8 26. Bxg7 Qxg7 27. Bh3 Rf6 28. e5 dxe5 29. Rxe5 Rxe5 30. Rxe5 Rf8 31. Qd6 Qh6 32. Be6+ Kh8 33. Re1 Ba8 34. Bd5 Bxd5 35. cxd5 Qg7 36. Qxb6 Qc3 37. Qe3 Qb4 38. Qe5+ Kg8 39. Qe6+ Kg7 40. Qe7+ Qxe7 41. Rxe7+ 1-0